00446 a2200109 4500001001000000005001700010008004100027245015900068100002200227773007000249999001700319ART_5852320260410161610.0260409a 10aAlgunas diferencias y similitudes entre la Norma Unificada Argentina de Contabilidad (NUA) y las Normas Internacionales de Información Financiera (NIIF)1 aZgaib, Alfredo O.0 tProfesional & Empresariag- Año XXV, Nº 284 (mayo 2023)wREV70 c10565d10565